LEADER 01387nam0 22003373i 450 001 CAG1395644 005 20170908093303.0 100 $a20091020d2007 ||||0itac50 ba 101 | $aita 102 $ait 181 1$6z01$ai $bxxxe 182 1$6z01$an 200 1 $aFrank Lloyd Wright$fGianluca Gelmini 210 $aMilano$cMotta Architettura$aRoma$cGruppo editoriale L'espresso$d[2007] 215 $a119 p.$cill.$d27 cm 225 | $a˜La œbiblioteca di Repubblica-L'espresso 225 | $a˜L'œarchitettura$e˜i œprotagonisti$v4 300 $aDistribuito con le testate del Gruppo editoriale L'espresso. 410 0$1001UBO3352193$12001 $a˜La œbiblioteca di Repubblica-L'espresso 410 0$1001UFE0778902$12001 $a˜L'œarchitettura$e˜i œprotagonisti$v4 606 $aWright, Frank Lloyd$2FIR$3NAPC055896$9I 676 $a720.92$9ARCHITETTURA. Persone$v14 700 1$aGelmini$b, Gianluca$3LO1V325998$4070$0521725 801 3$aIT$bIT-NA0079$c20091020 850 $aIT-NA0079 912 $aCAG1395644 950 0$aBiblioteca Nazionale Vittorio Emanuele III$bv. 1-12$cv. 1-12$d BNS.MOD 720.92 ARC$e BNDON0012104855 N (0004 v. 4$fP $h20091015$i20091015 951 $aBiblioteca Nazionale Vittorio Emanuele III$b BN2009000120432DC2009-10-15 977 $a BN 996 $aFrank Lloyd Wright$9837448 997 $aUNISANNIO LEADER 00968nam0-22003491i-450- 001 990003081810403321 005 20131127105201.0 010 $a0-85255-104-5 035 $a000308181 035 $aFED01000308181 035 $a(Aleph)000308181FED01 035 $a000308181 100 $a20030910d1988----km-y0itay50------ba 101 0 $aeng 102 $aIT 200 1 $aForeign Aid Reconsidered$fRoger C.Riddle. 205 $areprinted. 210 $aBaltimore$c\<> \Johns Hopkins University Press$cLondon$cJames Currey$d1988. 215 $aX, 309 p.$d22 cm 225 1 $a<>John Hopkins Studies in Development 676 $aF/3.2 676 $aO/1.343 702 1$aRiddle,$bRoger C. 801 0$aIT$bUNINA$gRICA$2UNIMARC 901 $aBK 912 $a990003081810403321 952 $aISVE 01-02.234$fDECTS 952 $aO/1343 RID$b7373$fSES 959 $aDECTS 959 $aSES 996 $aForeign Aid Reconsidered$9460073 997 $aUNINA LEADER 02811nam 2200481 450 001 9910677425103321 005 20170211092133.0 010 $a1-118-87643-1 010 $a1-118-87644-X 010 $a1-119-28872-X 035 $a(CKB)4330000000009989 035 $a(MiAaPQ)EBC5057706 035 $a(EXLCZ)994330000000009989 100 $a20171020h20182018 uy 0 101 0 $aeng 135 $aurcnu|||||||| 181 $2rdacontent 182 $2rdamedia 183 $2rdacarrier 200 14$aThe laws protecting animals and ecosystems /$fPaul A. Rees 210 1$aChichester, England :$cWiley Blackwell,$d2018. 210 4$d©2018 215 $a1 online resource (492 pages) $cillustrations 311 $a1-118-87645-8 320 $aIncludes bibliographical references and index. 330 $a"There is currently no basic text in wildlife law suitable for the wide range of courses in wildlife conservation and animal welfare at both bachelors and masters level, or for the large number of people who work in conservation and animal welfare; The Laws Protecting Animals and Ecosystems fills the gap in this significant market for a basic law text applicable to students and professionals whose primary training is in biology but who require a basic understanding of the laws relating to the protection of animals and ecosystems. The text is applicable to a wide range of subjects, including wildlife conservation, animal handling, animal welfare, animal husbandry, and veterinary science. This foundational text supports those studying animal and ecosystem law by providing an overview of the basic legal principles, national and international laws, terminology, the legal mechanisms used to protect animals and ecosystems, and a compendium of the major animal welfare and conservation laws in major English speaking countries. Dr. Rees has been teaching wildlife law for 20 years and ecology for over 35 years and is ideally placed to write this book"--$cProvided by publisher. 330 $a"The aim of this book is to produce an introductory text on the laws regulating the treatment of farm and companion animals, and those which protect wildlife and ecosystems"--$cProvided by publisher. 606 $aAnimal welfare$xLaw and legislation 606 $aWildlife conservation$xLaw and legislation 606 $aEnvironmental law 615 0$aAnimal welfare$xLaw and legislation. 615 0$aWildlife conservation$xLaw and legislation. 615 0$aEnvironmental law. 676 $a344.04/9 686 $aNAT011000$2bisacsh 700 $aRees$b Paul A.$0102560 801 0$bMiAaPQ 801 1$bMiAaPQ 801 2$bMiAaPQ 906 $aBOOK 912 $a9910677425103321 996 $aThe laws protecting animals and ecosystems$93064102 997 $aUNINA